Culture Générale - Série 1949 - Statistiques

Statistiques générales
  • Ce quiz a été pris 103 fois
  • Le résultat moyen est 4 sur 10
Statistiques - réponses
Question Réponse % Correct
Comment appelle-t-on la femelle du sanglier ? laie
88%
Dans quel domaine l'artiste Paul Klee (1879-1940) s'est-il distingué ? peinture
86%
Quel animal est représenté sur le drapeau du Mexique ? aigle
71%
Quel est la capitale de l'état de l'Indiana aux Etats Unis ? Indianapolis
48%
Dans la mythologie grecque, comment s'appelait la magicienne qui transforma les compagnons d'Ulysse en porcs ? Circé
47%
Quel est l'opéra le plus populaire de Giuseppe Verdi dont l'héroïne s'appelle Violetta ? La Traviata
36%
Comment s'appelle la course annuelle de ski de fond se déroulant en Suède sur un parcours d'environ 90 km ? vasaloppet
24%
Comment s'appelle l'instrument de musique médiévale et Renaissance rimant avec "bec" ? rebec
11%
Comment s'appelle le fusil représenté sur la photographie utilisé jadis pour la chasse aux oiseaux ? canardière
3%
Quel verbe intransitif du 1er groupe signifie "Parler avec un défaut de prononciation qui consiste à substituer certaines consonnes à d'autres" ? bléser
2%
Aucun quiz correspondant
Distribution des résultats
% des personnes avec chaque résultat
Percentile par nombre de réponses
Votre historique - résultats
Vous n’avez pas pris ce quiz